000 00607nam a22002057a 4500
005 20260407102716.0
008 260407b |||||||| |||| 00| 0 eng d
020 _a9789389688030
040 _cAL
041 _aEnglish
082 _a519.4
_bPUNA
100 _aSudhir Kumar Pundir
_9260435
245 _aApplied numerical analysis
260 _aNew Delhi
_bCBS Publishers and Distributors Pvt Ltd
_c2020
300 _a663p.
_bPB
_c24x17cm.
365 _aVBI-2645
_b₹506.25
_c
_d₹675.00
_e25%
_f20-02-2026
650 _aNumerical methods
_9260436
650 _aMathematics
_9260437
942 _2ddc
_cBK
999 _c241152
_d241152